Nghiên cứu đặc điểm sinh học, thiên địch ký sinh và Pheromone giới tính của sâu xanh hai sọc trắng Dialhania indica (Saunders) tại Đồng bằng sông Cửu Long : Luận văn thạc sĩ khoa học nông nghiệp. Chuyên ngành bảo vệ thực vật

Nội dung đề tài nghiên cứu là góp phần xây dựng biện pháp quản lý tổng hợp đối với loài sâu xanh hai sọc trắng tại đồng bằng sông Cửu Long. Xác định một số đặc điểm sinh học của loài sâu này gây hại trên họ bầu bí. Đồng thời cũng xa...

全面介绍

Đã lưu trong:
书目详细资料
主要作者: Trần, Thị Mộng Tuyền
格式: 图书
语言:Undetermined
出版: Cần Thơ Đại học Cần Thơ 2013
主题:
标签: 添加标签
没有标签, 成为第一个标记此记录!
Thư viện lưu trữ: Trung tâm Học liệu Trường Đại học Cần Thơ
LEADER 01751nam a2200229Ia 4500
001 CTU_184562
008 210402s9999 xx 000 0 und d
082 |a 632.9 
082 |b T527 
088 |a 60620112 
100 |a Trần, Thị Mộng Tuyền 
245 0 |a Nghiên cứu đặc điểm sinh học, thiên địch ký sinh và Pheromone giới tính của sâu xanh hai sọc trắng Dialhania indica (Saunders) tại Đồng bằng sông Cửu Long : 
245 0 |b Luận văn thạc sĩ khoa học nông nghiệp. Chuyên ngành bảo vệ thực vật 
245 0 |c Trần Thị Mộng Tuyền ; Lê Văn Vàng người hướng dẫn 
260 |a Cần Thơ 
260 |b Đại học Cần Thơ 
260 |c 2013 
520 |a Nội dung đề tài nghiên cứu là góp phần xây dựng biện pháp quản lý tổng hợp đối với loài sâu xanh hai sọc trắng tại đồng bằng sông Cửu Long. Xác định một số đặc điểm sinh học của loài sâu này gây hại trên họ bầu bí. Đồng thời cũng xác định một số đặc điểm của thiên địch ký sinh, thành phần pheromone giới tính của sâu xanh hai sọc trắng. Qua đó đánh giá khả năng hấp dẫn của mồi pheromone giới tính tổng hợp đối với sâu xanh hai sọc trắng ở điều kiện ngoài đồng 
650 |a Field crops,Cây trồng 
650 |x Diseases and pests,Sâu và bệnh 
904 |i Nguyễn Thị Kiều Oanh 
980 |a Trung tâm Học liệu Trường Đại học Cần Thơ